| 000 | 00663cam a22002291 4500 | ||
|---|---|---|---|
| 001 | 9906 | ||
| 003 | BD-RjUL | ||
| 005 | 20211208234848.0 | ||
| 008 | 140122t1950 nyua d 000 0 eng | ||
| 035 | _a(BD-RjUL)9951 | ||
| 040 |
_aDLC/ICU _cICU _dDLC _dBD-RjUL _beng |
||
| 041 | _aeng | ||
| 082 | 0 | 0 |
_a541.2 _216 _bPOC 1950 |
| 100 | 1 |
_aGaynor, Frank, _d1911- _930598 |
|
| 245 | 1 | 0 |
_aPocket encyclopedia of atomic energy / _cedited by Frank Gaynor. |
| 260 |
_aNew York : _bPhilosophical Library, _c1950 |
||
| 300 |
_a204 p. : _bdiagrs. ; _c23 cm. |
||
| 650 | 0 |
_aNuclear energy _xDictionaries. _929249 |
|
| 942 |
_2ddc _cBK |
||
| 999 |
_c9906 _d9906 |
||